[Event "CP-2012-P-00031"]
[Site "LSS email"]
[Date "2012.10.01"]
[Round "?"]
[White "Simon, Holger"]
[Black "Mudra, Oldrich"]
[Result "1/2-1/2"]
[WhiteElo "2051"]
[BlackElo "2059"]
[PlyCount "100"]
[EventDate "2012.10.05"]
[EventType "tourn (corr)"]
[EventRounds "6"]
[EventCountry "GER"]
[SourceTitle "Telechess CBM 163"]
[Source "ChessBase"]
[SourceDate "2014.11.11"]
[SourceVersion "2"]
[SourceVersionDate "2014.11.11"]
[SourceQuality "1"]

1. d4 Nf6 2. c4 e6 3. Nc3 Bb4 4. Qc2 0-0 5. a3 Bxc3+ 6. Qxc3 b6 7. Bg5 Bb7 8. e3 h6 9. Bh4 Re8 10. f3 d5 11. Bd3 Nbd7 12. Ne2 e5 13. 0-0 c5 14. b3 dxc4 15. bxc4 cxd4 16. exd4 Rc8 17. Rad1 exd4 18. Nxd4 Nd5 19. Qa1 Qxh4 20. cxd5 Rc5 21. Bb5 Rd8 22. Bc6 Ba6 23. Rfe1 Qg5 24. Qb1 Ne5 25. Re4 Ng6 26. g3 Qf6 27. f4 Rc4 28. a4 Qd6 29. Re3 Qc5 30. Qe4 Nf8 31. Kg2 Rb4 32. Kf2 f5 33. Qe5 Ng6 34. Qc7 Rb2+ 35. Kg1 Rd2 36. Qxd8+ Kh7 37. Rde1 Qxd4 38. Qe8 Qb2 39. d6 Rxh2 40. R1e2 Rxe2 41. Rxe2 Bxe2 42. d7 Qb1+ 43. Kg2 Qf1+ 44. Kh2 Qf2+ 45. Kh1 Nxf4 46. gxf4 Qf1+ 47. Kh2 Qxf4+ 48. Kh1 Qf1+ 49. Kh2 Qf2+ 50. Kh1 Qf1+ 1/2-1/2

[Event "SA-2011-0-00190"]
[Site "LSS email"]
[Date "2011.04.23"]
[Round "?"]
[White "Simon, Holger"]
[Black "Watson, Roland"]
[Result "1/2-1/2"]
[WhiteElo "2064"]
[BlackElo "2095"]
[PlyCount "45"]
[EventDate "2011.03.26"]
[EventType "tourn (corr)"]
[EventRounds "6"]
[EventCountry "GER"]
[SourceTitle "Telechess CBM 155"]
[Source "ChessBase"]
[SourceDate "2013.07.16"]
[SourceVersion "1"]
[SourceVersionDate "2013.07.16"]
[SourceQuality "1"]

1. d4 Nf6 2. c4 g6 3. Nc3 Bg7 4. e4 d6 5. f3 0-0 6. Be3 e5 7. d5 c6 8. Bd3 cxd5 9. cxd5 Nbd7 10. Nge2 Nc5 11. Bc2 Bd7 12. 0-0 a5 13. Na4 Nxa4 14. Bxa4 b5 15. Bc2 Nh5 16. Qd2 b4 17. a3 Rb8 18. axb4 Rxb4 19. Ra2 f5 20. Nc3 fxe4 21. Nxe4 Bf5 22. Rfa1 Bxe4 23. Bxe4 1/2-1/2

[Event "CP-2010-P-00045"]
[Site "LSS email"]
[Date "2010.09.28"]
[Round "?"]
[White "Guaimare Rodriguez, Carlos Luis"]
[Black "Simon, Holger"]
[Result "0-1"]
[WhiteElo "1169"]
[BlackElo "2049"]
[PlyCount "26"]
[EventDate "2010.10.01"]
[EventType "tourn (corr)"]
[EventRounds "6"]
[EventCountry "GER"]
[SourceTitle "Corr 2015"]
[Source "ChessBase"]
[SourceDate "2015.07.17"]
[SourceVersion "1"]
[SourceVersionDate "2015.07.17"]
[SourceQuality "1"]

1. e4 c5 2. Nf3 d6 3. d4 cxd4 4. Nxd4 Nf6 5. Nc3 e6 6. Be3 Nc6 7. f3 Be7 8. Qd2 0-0 9. 0-0-0 d5 10. exd5 Nxd5 11. Nxc6 bxc6 12. Bd4 Bg5 13. f4 Bxf4 0-1

[Event "CP-2010-P-00045"]
[Site "LSS email"]
[Date "2010.09.28"]
[Round "?"]
[White "Krueger, Hilmar"]
[Black "Simon, Holger"]
[Result "1-0"]
[WhiteElo "2159"]
[BlackElo "2049"]
[PlyCount "85"]
[EventDate "2010.10.01"]
[EventType "tourn (corr)"]
[EventRounds "6"]
[EventCountry "GER"]
[SourceTitle "Telechess CBM 147"]
[Source "ChessBase"]
[SourceDate "2012.03.16"]
[SourceVersion "1"]
[SourceVersionDate "2012.03.16"]
[SourceQuality "1"]

1. e4 e6 2. d4 d5 3. Nd2 Nf6 4. e5 Nfd7 5. Bd3 c5 6. c3 Nc6 7. Ne2 cxd4 8. cxd4 f6 9. exf6 Nxf6 10. Nf3 Bd6 11. 0-0 Qc7 12. h3 0-0 13. Be3 Bd7 14. Rc1 a6 15. Re1 Rae8 16. a3 Qb8 17. Nc3 Re7 18. b4 b5 19. Qc2 Rc8 20. Qd2 h6 21. Kh1 Be8 22. Bxh6 Bh5 23. Qg5 Bxf3 24. gxf3 Rcc7 25. Bxg7 Rxg7 26. Qxf6 Rcf7 27. Qxe6 Nxd4 28. Qxd5 Nxf3 29. Re3 Rg5 30. Qa2 Kg7 31. Ne4 Rg6 32. Ng3 Rg5 33. Nf5+ Rgxf5 34. Bxf5 Rxf5 35. Qe6 Rf6 36. Qd7+ Kh6 37. Rxf3 Rxf3 38. Qe6+ Kh7 39. Qe4+ Kh8 40. Qxf3 Bf8 41. Qf6+ Bg7 42. Qf5 Qb7+ 43. f3 1-0

[Event "CP-2010-P-00045"]
[Site "LSS email"]
[Date "2010.09.28"]
[Round "?"]
[White "Simon, Holger"]
[Black "Mostowik, Pawel"]
[Result "1/2-1/2"]
[WhiteElo "2049"]
[BlackElo "1907"]
[PlyCount "39"]
[EventDate "2010.10.01"]
[EventType "tourn (corr)"]
[EventRounds "6"]
[EventCountry "GER"]
[SourceTitle "Telechess CBM 151"]
[Source "ChessBase"]
[SourceDate "2012.11.13"]
[SourceVersion "1"]
[SourceVersionDate "2012.11.13"]
[SourceQuality "1"]

1. d4 d5 2. c4 e6 3. Nc3 Be7 4. Nf3 Nf6 5. Qc2 0-0 6. cxd5 exd5 7. Bg5 Be6 8. e3 h6 9. Bh4 c5 10. dxc5 Nbd7 11. Be2 Nxc5 12. 0-0 Rc8 13. Nd4 Nce4 14. f3 Nxc3 15. bxc3 Ne8 16. Bf2 Qa5 17. Rab1 Nd6 18. Nxe6 fxe6 19. Rb3 Bf6 20. Rc1 1/2-1/2

[Event "LSS SA-2010-0-00153"]
[Site "LSS email"]
[Date "2010.09.22"]
[Round "?"]
[White "Tleptsok, Ruslan Aslanovich"]
[Black "Simon, Holger"]
[Result "1/2-1/2"]
[WhiteElo "2210"]
[BlackElo "2074"]
[PlyCount "102"]
[EventDate "2010.09.03"]
[EventType "tourn (corr)"]
[EventRounds "6"]
[EventCountry "GER"]
[SourceTitle "Telechess CBM 157"]
[Source "ChessBase"]
[SourceDate "2013.11.12"]
[SourceVersion "1"]
[SourceVersionDate "2013.11.12"]
[SourceQuality "1"]

1. e4 e6 2. d4 d5 3. e5 c5 4. c3 Qb6 5. Nf3 Bd7 6. Be2 Bb5 7. c4 Bxc4 8. Bxc4 Qb4+ 9. Nbd2 dxc4 10. a3 Qb5 11. Qe2 cxd4 12. Nxd4 Qd5 13. N4f3 Nd7 14. Nxc4 Rc8 15. Ne3 Qe4 16. b4 Ne7 17. Bb2 Nd5 18. Nxd5 Qxd5 19. 0-0 Nb6 20. Rfd1 Qc4 21. Qd2 Qc2 22. Qxc2 Rxc2 23. Bd4 Be7 24. Bxb6 axb6 25. Nd4 Rc8 26. Nb5 h5 27. Rac1 0-0 28. g3 Rc6 29. Na7 Rxc1 30. Rxc1 Bd8 31. Nb5 f6 32. Rd1 fxe5 33. Rd6 Kf7 34. Rd7+ Kf6 35. Kg2 g5 36. Rxb7 Be7 37. Rxb6 Rc8 38. Rb7 Rc2 39. Rc7 Ra2 40. h3 g4 41. h4 Bf8 42. Rc3 Be7 43. Re3 Ra1 44. Rd3 Kf5 45. Rd7 Kf6 46. Ra7 e4 47. Rc7 Re1 48. Rc3 Ke5 49. Rc7 Kf6 50. Rc3 Ke5 51. Rc7 Kf6 1/2-1/2

[Event "CP-2006-F-00001"]
[Site "LSS email"]
[Date "2010.06.28"]
[Round "?"]
[White "Dutra Neto, Alfredo Carlos S"]
[Black "Simon, Holger"]
[Result "1-0"]
[WhiteElo "2457"]
[BlackElo "2081"]
[PlyCount "201"]
[EventDate "2010.07.01"]
[EventType "tourn (corr)"]
[EventRounds "6"]
[EventCountry "GER"]
[SourceTitle "Telechess CBM 151"]
[Source "ChessBase"]
[SourceDate "2012.11.13"]
[SourceVersion "1"]
[SourceVersionDate "2012.11.13"]
[SourceQuality "1"]

1. d4 Nf6 2. c4 g6 3. Nc3 Bg7 4. e4 d6 5. Nf3 0-0 6. h3 e5 7. d5 a5 8. Bg5 Qe8 9. Bd3 Nfd7 10. 0-0 Nc5 11. Bc2 Nba6 12. a3 Bd7 13. b3 f5 14. Be3 b6 15. Rb1 Nxe4 16. Bxe4 fxe4 17. Nd2 Nc5 18. Ndxe4 Qc8 19. f3 Bf5 20. Qe2 Qb7 21. Nxc5 bxc5 22. Ne4 Rab8 23. a4 Qb6 24. g4 Bxe4 25. fxe4 Rxf1+ 26. Qxf1 Rf8 27. Qd3 Bf6 28. Bh6 Rf7 29. Rf1 Be7 30. Bd2 Rxf1+ 31. Kxf1 Kg7 32. h4 c6 33. g5 Bd8 34. Qh3 Qc7 35. h5 gxh5 36. Qxh5 cxd5 37. cxd5 Qf7+ 38. Qxf7+ Kxf7 39. Ke2 Kg6 40. Kd3 Kh5 41. Kc4 Kg4 42. Kb5 Kf3 43. Bxa5 Bxa5 44. Kxa5 Kxe4 45. Kb6 Kd3 46. a5 e4 47. a6 e3 48. a7 e2 49. a8Q e1Q 50. Kc6 Qe7 51. Qc8 Qxg5 52. Kxd6 h5 53. Kc6 Qg2 54. Qf5+ Kc3 55. Qxh5 c4 56. bxc4 Kxc4 57. Qf5 Kd4 58. Qf4+ Kd3 59. Qa4 Kc3 60. Kc5 Qf2+ 61. Kb5 Qb2+ 62. Ka5 Qg2 63. Qb4+ Kd3 64. Qc5 Qg8 65. Kb4 Qg4+ 66. Kb5 Qg7 67. Qc4+ Ke3 68. Kb4 Qd7 69. Qc5+ Kf3 70. d6 Kg2 71. Qc7 Qg4+ 72. Kb5 Qe2+ 73. Qc4 Qb2+ 74. Kc6 Qf6 75. Qe2+ Kg1 76. Qh5 Kg2 77. Kd5 Qd8 78. Qg4+ Kh1 79. d7 Qa5+ 80. Ke6 Qb6+ 81. Kf5 Qc5+ 82. Kg6 Qd6+ 83. Kf7 Qd5+ 84. Qe6 Qf3+ 85. Ke7 Qa3+ 86. Ke8 Qa4 87. Qd5+ Kh2 88. Qd6+ Kg1 89. Kf8 Qh4 90. d8Q Qh8+ 91. Kf7 Qh7+ 92. Kf6 Qh6+ 93. Kf5 Qh3+ 94. Kg6 Qg2+ 95. Qg5 Kh1 96. Qd1+ Kh2 97. Qdh5+ Kg1 98. Qe2 Qxg5+ 99. Kxg5 Kh1 100. Kf4 Kg1 101. Kf3 1-0

[Event "FICGS class A 000063 email"]
[Site "FICGS email"]
[Date "2009.12.25"]
[Round "1"]
[White "Domingo Gadea, Jordi"]
[Black "Simon, Holger"]
[Result "1/2-1/2"]
[WhiteElo "2130"]
[BlackElo "2108"]
[PlyCount "37"]
[EventDate "2009.??.??"]
[EventType "tourn (corr)"]
[EventRounds "6"]
[SourceTitle "Corr 2022"]
[Source "ChessBase"]
[SourceDate "2021.10.24"]
[SourceVersion "1"]
[SourceVersionDate "2021.10.24"]
[SourceQuality "1"]

1. e4 e6 2. d4 d5 3. Nc3 Nf6 4. e5 Nfd7 5. f4 c5 6. Nf3 Nc6 7. Be3 a6 8. Qd2 b5 9. a3 Bb7 10. Bd3 Qb6 11. Qf2 Rc8 12. 0-0 cxd4 13. Nxd4 Nxd4 14. Bxd4 Qxd4 15. Qxd4 Bc5 16. Ne2 Ke7 17. a4 Bxd4+ 18. Nxd4 b4 19. a5 1/2-1/2

[Event "FICGS class A 000063 email"]
[Site "FICGS email"]
[Date "2009.12.25"]
[Round "1"]
[White "Simon, Holger"]
[Black "Bernal Varela, Nelson"]
[Result "1-0"]
[WhiteElo "2108"]
[BlackElo "2128"]
[PlyCount "57"]
[EventDate "2009.??.??"]
[EventType "tourn (corr)"]
[EventRounds "6"]
[SourceTitle "Corr 2022"]
[Source "ChessBase"]
[SourceDate "2021.10.24"]
[SourceVersion "1"]
[SourceVersionDate "2021.10.24"]
[SourceQuality "1"]

1. d4 Nf6 2. c4 g6 3. Nc3 d5 4. cxd5 Nxd5 5. e4 Nxc3 6. bxc3 Bg7 7. Nf3 c5 8. Rb1 0-0 9. Be2 Nc6 10. d5 Bxc3+ 11. Bd2 Bxd2+ 12. Qxd2 Na5 13. h4 Bg4 14. h5 Bxf3 15. gxf3 e6 16. Qh6 Qe7 17. d6 Qd7 18. Bb5 Nc6 19. e5 a6 20. Bxc6 bxc6 21. Ke2 Rab8 22. Qf4 Rb5 23. a4 Rb4 24. Rxb4 cxb4 25. Qxb4 c5 26. Qe4 Rb8 27. Rc1 f5 28. Qh4 Qb7 29. hxg6 1-0

[Event "FICGS class A 000063 email"]
[Site "FICGS email"]
[Date "2009.12.25"]
[Round "1"]
[White "Simon, Holger"]
[Black "Dikant, Christophe"]
[Result "1-0"]
[WhiteElo "2108"]
[BlackElo "2000"]
[PlyCount "51"]
[EventDate "2009.??.??"]
[EventType "tourn (corr)"]
[EventRounds "6"]
[SourceTitle "Corr 2022"]
[Source "ChessBase"]
[SourceDate "2021.10.24"]
[SourceVersion "1"]
[SourceVersionDate "2021.10.24"]
[SourceQuality "1"]

1. d4 c5 2. d5 e5 3. e4 d6 4. Nc3 Be7 5. Nf3 Bg4 6. h3 Bxf3 7. Qxf3 Bg5 8. Bxg5 Qxg5 9. Nb5 Qd8 10. Qg4 g6 11. Nxd6+ Qxd6 12. Qc8+ Qd8 13. Bb5+ Nd7 14. Bxd7+ Ke7 15. Qxb7 Rb8 16. Qxa7 Qb6 17. Qxb6 Rxb6 18. Bc6 Rxb2 19. Kd2 Nf6 20. f3 Rhb8 21. a4 R2b6 22. a5 Ra6 23. Rab1 Rxb1 24. Rxb1 Rxa5 25. Rb7+ Kf8 26. Rc7 1-0

[Event "FICGS class A 000063 email"]
[Site "FICGS email"]
[Date "2009.12.25"]
[Round "1"]
[White "Soszynski, Marek J"]
[Black "Simon, Holger"]
[Result "1-0"]
[WhiteElo "2092"]
[BlackElo "2108"]
[PlyCount "53"]
[EventDate "2009.??.??"]
[EventType "tourn (corr)"]
[EventRounds "6"]
[SourceTitle "Corr 2022"]
[Source "ChessBase"]
[SourceDate "2021.10.24"]
[SourceVersion "1"]
[SourceVersionDate "2021.10.24"]
[SourceQuality "1"]

1. e4 e6 2. d4 d5 3. exd5 exd5 4. c4 Nf6 5. Nf3 Bb4+ 6. Nc3 0-0 7. Bd3 dxc4 8. Bxc4 Bg4 9. 0-0 Nc6 10. Be3 Bh5 11. Rc1 Re8 12. h3 Qd6 13. Nb5 Qd7 14. d5 Na5 15. Bd3 Nxd5 16. Bxh7+ Kxh7 17. Ng5+ Kg6 18. g4 Rxe3 19. fxe3 Kxg5 20. Nxc7 Bg6 21. Nxd5 Bd6 22. Qd2 b6 23. e4+ Kh4 24. Ne3 Bxe4 25. Rf5 Bxf5 26. Nxf5+ Qxf5 27. gxf5 1-0

[Event "IECG CP.2007.Q.00017 email"]
[Site "IECG email"]
[Date "2009.01.15"]
[Round "?"]
[White "Rossetti, Mario"]
[Black "Simon, Holger"]
[Result "1/2-1/2"]
[WhiteElo "1607"]
[BlackElo "2119"]
[PlyCount "101"]
[EventDate "2009.01.15"]
[EventType "tourn (corr)"]
[EventRounds "6"]
[SourceTitle "Corr 2024"]
[Source "ChessBase"]
[SourceDate "2023.10.19"]
[SourceVersion "1"]
[SourceVersionDate "2023.10.19"]
[SourceQuality "1"]

1. d4 Nf6 2. c4 g6 3. Nc3 Bg7 4. e4 d6 5. Nf3 0-0 6. Be2 e5 7. 0-0 Nc6 8. d5 Ne7 9. h3 Nh5 10. Bd2 c5 11. dxc6 bxc6 12. Bg5 Nf4 13. Bxf4 exf4 14. Rc1 Rb8 15. b3 f5 16. c5 fxe4 17. cxd6 exf3 18. dxe7 Qxe7 19. Bxf3 Rd8 20. Qe2 Qxe2 21. Nxe2 Ba6 22. Rxc6 Rb6 23. Rc2 Rbd6 24. Rfc1 Rd1+ 25. Rxd1 Rxd1+ 26. Kh2 Be5 27. a4 Rd8 28. b4 Bxe2 29. Rxe2 Bc3 30. b5 Kf7 31. Rc2 Ba5 32. Rc4 Kg7 33. Kg1 Re8 34. g3 fxg3 35. fxg3 Re7 36. Kg2 Bb6 37. h4 Rd7 38. g4 Rd4 39. Rxd4 Bxd4 40. a5 Kf6 41. Bc6 Ke5 42. Kf3 Kd6 43. g5 Bc3 44. a6 Ba5 45. Kg4 Ke7 46. h5 Bb6 47. Be4 Kf7 48. Bd5+ Kf8 49. h6 Be3 50. Kf3 Bb6 51. Ke4 1/2-1/2

[Event "IECG WC.2012.P.00006 email"]
[Site "IECG email"]
[Date "2008.02.15"]
[Round "?"]
[White "Simon, Holger"]
[Black "Mujica, Hector"]
[Result "1-0"]
[WhiteElo "2150"]
[BlackElo "1834"]
[PlyCount "78"]
[EventDate "2008.02.15"]
[EventType "tourn (corr)"]
[EventRounds "10"]
[SourceTitle "Corr 2024"]
[Source "ChessBase"]
[SourceDate "2023.10.19"]
[SourceVersion "1"]
[SourceVersionDate "2023.10.19"]
[SourceQuality "1"]

1. d4 d5 2. c4 c5 3. cxd5 Nf6 4. e4 Nxe4 5. dxc5 Nxc5 6. Nf3 e6 7. Nc3 exd5 8. Qxd5 Qxd5 9. Nxd5 Nba6 10. Ne5 Bd6 11. Nc4 Bf8 12. Bf4 Be6 13. 0-0-0 Rc8 14. Kb1 Bxd5 15. Rxd5 Nc7 16. Rd1 N7e6 17. Nd6+ Bxd6 18. Bxd6 a6 19. Bc4 Ne4 20. Bxe6 fxe6 21. Rhe1 Nxd6 22. Rxe6+ Kf7 23. Rexd6 Rhe8 24. Rd7+ Kf8 25. g3 Re2 26. R7d2 Rxd2 27. Rxd2 Rc7 28. f4 Ke7 29. Rc2 Rd7 30. Re2+ Kf6 31. Kc2 b5 32. Re5 Rc7+ 33. Kd2 Rd7+ 34. Ke2 Rc7 35. Kf3 Rc1 36. Re2 h5 37. Rd2 Ke6 38. b3 Rc3+ 39. Ke4 g6 1-0

[Event "IECG CP.2006.Q.00020 email"]
[Site "IECG email"]
[Date "2008.01.15"]
[Round "?"]
[White "Krupa, Bartlomiej"]
[Black "Simon, Holger"]
[Result "1/2-1/2"]
[WhiteElo "2130"]
[BlackElo "2149"]
[PlyCount "47"]
[EventDate "2008.01.15"]
[EventType "tourn (corr)"]
[EventRounds "6"]
[SourceTitle "Corr 2024"]
[Source "ChessBase"]
[SourceDate "2023.10.19"]
[SourceVersion "1"]
[SourceVersionDate "2023.10.19"]
[SourceQuality "1"]

1. e4 e6 2. d4 d5 3. Nc3 Nf6 4. e5 Nfd7 5. f4 c5 6. Nf3 Nc6 7. Be3 a6 8. Qd2 b5 9. a3 Bb7 10. Bd3 Qb6 11. Qf2 Rc8 12. 0-0 cxd4 13. Nxd4 Nxd4 14. Bxd4 Qxd4 15. Qxd4 Bc5 16. Ne2 Ke7 17. Rae1 g6 18. c3 Bxd4+ 19. Nxd4 Nc5 20. Bc2 Kd7 21. Rd1 Kc7 22. Kf2 Kb6 23. Ke3 Rc7 24. g3 1/2-1/2

[Event "IECG CP.2006.Q.00020 email"]
[Site "IECG email"]
[Date "2008.01.15"]
[Round "?"]
[White "Simon, Holger"]
[Black "Riemer, Wolfgang"]
[Result "0-1"]
[WhiteElo "2149"]
[BlackElo "2276"]
[PlyCount "78"]
[EventDate "2008.01.15"]
[EventType "tourn (corr)"]
[EventRounds "6"]
[SourceTitle "Corr 2024"]
[Source "ChessBase"]
[SourceDate "2023.10.19"]
[SourceVersion "1"]
[SourceVersionDate "2023.10.19"]
[SourceQuality "1"]

1. d4 Nf6 2. c4 g6 3. Nc3 Bg7 4. e4 d6 5. f3 0-0 6. Be3 c5 7. Nge2 Nc6 8. d5 Ne5 9. Ng3 e6 10. Be2 exd5 11. cxd5 h5 12. 0-0 Nh7 13. Qd2 h4 14. Nh1 f5 15. Nf2 Bd7 16. Rae1 Re8 17. b4 c4 18. f4 Nd3 19. Bxd3 cxd3 20. Qxd3 Qf6 21. Rc1 a6 22. exf5 Bxf5 23. Qe2 Rac8 24. Nce4 Qe7 25. Rxc8 Rxc8 26. Re1 Bxe4 27. Bd2 Qf7 28. Qxe4 Nf6 29. Qb1 Qxd5 30. Be3 Qf5 31. Qb3+ d5 32. b5 axb5 33. Qxb5 Re8 34. Nd3 h3 35. Ne5 g5 36. Qxb7 gxf4 37. Bxf4 Ng4 38. Qxd5+ Kh7 39. Rf1 Bxe5 0-1

[Event "IECG CP.2007.P.00076 email"]
[Site "IECG email"]
[Date "2007.10.01"]
[Round "?"]
[White "Simon, Holger"]
[Black "Znak, Nicholas"]
[Result "1-0"]
[WhiteElo "2153"]
[BlackElo "840"]
[PlyCount "21"]
[EventDate "2007.10.01"]
[EventType "tourn (corr)"]
[EventRounds "6"]
[SourceTitle "Corr 2024"]
[Source "ChessBase"]
[SourceDate "2023.10.19"]
[SourceVersion "1"]
[SourceVersionDate "2023.10.19"]
[SourceQuality "1"]

1. d4 f5 2. Nf3 Nf6 3. c3 e6 4. Bg5 Be7 5. Nbd2 0-0 6. Bxf6 Bxf6 7. e4 f4 8. Bd3 b6 9. Qc2 Bb7 10. e5 Bg5 11. Bxh7+ 1-0

[Event "IECG WC.2006.F.00002 email"]
[Site "IECG email"]
[Date "2007.09.12"]
[Round "?"]
[White "Gilimshin, Azamat Ulfatovich"]
[Black "Simon, Holger"]
[Result "0-1"]
[WhiteElo "2241"]
[BlackElo "2143"]
[PlyCount "44"]
[EventDate "2007.09.12"]
[EventType "tourn (corr)"]
[EventRounds "6"]
[SourceTitle "Corr 2024"]
[Source "ChessBase"]
[SourceDate "2023.10.19"]
[SourceVersion "1"]
[SourceVersionDate "2023.10.19"]
[SourceQuality "1"]

1. d4 Nf6 2. c4 g6 3. Nc3 Bg7 4. e4 d6 5. Be2 0-0 6. Nf3 e5 7. 0-0 Nc6 8. d5 Ne7 9. b4 Nh5 10. Re1 f5 11. Ng5 Nf6 12. Bf3 c6 13. Be3 cxd5 14. cxd5 h6 15. Ne6 Bxe6 16. dxe6 fxe4 17. Nxe4 Nxe4 18. Bxe4 d5 19. Bc2 b6 20. Qg4 e4 21. Rad1 Qc7 22. Bb3 Rf5 0-1

[Event "IECG WC.2006.F.00002 email"]
[Site "IECG email"]
[Date "2007.09.12"]
[Round "?"]
[White "Simon, Holger"]
[Black "Keller, Martin"]
[Result "1/2-1/2"]
[WhiteElo "2143"]
[BlackElo "2185"]
[PlyCount "48"]
[EventDate "2007.09.12"]
[EventType "tourn (corr)"]
[EventRounds "6"]
[SourceTitle "Corr 2024"]
[Source "ChessBase"]
[SourceDate "2023.10.19"]
[SourceVersion "1"]
[SourceVersionDate "2023.10.19"]
[SourceQuality "1"]

1. d4 Nf6 2. c4 e6 3. Nc3 Bb4 4. Qc2 0-0 5. a3 Bxc3+ 6. Qxc3 b6 7. Bg5 h6 8. Bh4 Bb7 9. e3 d6 10. f3 Nbd7 11. Bd3 e5 12. Ne2 e4 13. fxe4 g5 14. e5 dxe5 15. Bf2 Bxg2 16. Rg1 exd4 17. exd4 Bf3 18. h4 Ng4 19. Bf5 Bxe2 20. Kxe2 Re8+ 21. Kf3 Nxf2 22. hxg5 hxg5 23. Kxf2 f6 24. Rae1 Rxe1 1/2-1/2